Všetko bude inak

Pohľad na rýchlosť zmien v podnikateľskom prostredí. Ako prežiť krízu. Symptómy blížiaceho sa zlomu v podnikaní. Strategická orientácia na šetrenie a optimalizáciu.

Uložené v:
Podrobná bibliografia
Hlavný autor: Chaľ, Ján
Médium: Kapitola
Jazyk:Slovak
Predmet:
Tagy: Pridať tag
Žiadne tagy, Buďte prvý, kto otaguje tento záznam!

MARC

LEADER 00000naa$a2200000$$$4500
001 0095482
005 20230912093807.9
041 0 |a slo 
044 |a SK 
245 1 0 |a Všetko bude inak  |c Ján Chaľ 
520 |a Pohľad na rýchlosť zmien v podnikateľskom prostredí. Ako prežiť krízu. Symptómy blížiaceho sa zlomu v podnikaní. Strategická orientácia na šetrenie a optimalizáciu. 
610 2 0 |a kríza podniku 
610 2 0 |a kríza finančná 
610 2 0 |a oživenie 
610 2 0 |a prostredie podnikateľské 
610 2 0 |a riadenie strategické 
100 1 |a Chaľ, Ján